000 00315nam a2200121Ia 4500
008 220204s9999 xx 000 0 und d
082 _a574.3:54
_bHOR;1
100 _aHORNE, R A
245 0 _aChemistry of our environment.
260 _aNew York
_bJohn Wiley
_c1978
650 _aEnvironmental chemistry
942 _cBK
999 _c28090
_d28090